UBT Library

CLINICAL HEMATOLOGY (Record no. 58338)

000 -LEADER
fixed length control field 00304nam a22001337a 4500
008 - FIXED-LENGTH DATA ELEMENTS--GENERAL INFORMATION
fixed length control field 221004b ||||| |||| 00| 0 eng d
041 ## - LANGUAGE CODE
Language code of text/sound track or separate title eng
080 ## - UNIVERSAL DECIMAL CLASSIFICATION NUMBER
Edition identifier sixth edition
Universal Decimal Classification number 616.15
082 ## - DEWEY DECIMAL CLASSIFICATION NUMBER
Classification number 616.15
100 ## - Rafti
Rafti 15.1
101 ## - Shkurtesa
Shkurtesa HEMA
245 ## - TITLE STATEMENT
Title CLINICAL HEMATOLOGY
Statement of responsibility, etc WINTROBE M
942 ## - ADDED ENTRY ELEMENTS (KOHA)
Source of classification or shelving scheme
Item type Books
Holdings
Withdrawn status Lost status Source of classification or shelving scheme Damaged status Not for loan Collection code Permanent location Current location Date acquired Total Checkouts Full call number Barcode Date last seen Price effective from Koha item type
          Koleksioni i përgjithshem UBT - Lipjan UBT - Lipjan 10/04/2022   616.15 WIN 002-800028552 10/04/2022 10/04/2022 Books
UBT Library © 2015-2024. All rights reserved University Education for Business and Technology